Sector agropecuario Nación y Provincia de Buenos Aires : una contribución a la elaboración de políticas para una agricultura social y ambientalmente sustentable 1914-1993 /

Guardado en:
Autor Principal: Gallo Mendoza, Guillermo G.
Formato: Libro
Idioma:Spanish
Publicado: San Carlos de Bariloche : Fundación Bariloche, 1995.
Etiquetas: Agregar Etiqueta
Sin Etiquetas, Sea el primero en etiquetar este registro!
LEADER 00665nam a22001575a 4500
001 EEA.libagro005253
005 20180920120135.0
008 130809s1995####ag#a##########000#0#spa#d
082 0 4 |a 639.90982 
082 0 4 |a 333.1882 
082 0 4 |a 630.20112 
100 1 |a Gallo Mendoza, Guillermo G. 
245 1 0 |a Sector agropecuario Nación y Provincia de Buenos Aires :  |b una contribución a la elaboración de políticas para una agricultura social y ambientalmente sustentable 1914-1993 /  |c Guillermo Gallo Mendoza. 
260 |a San Carlos de Bariloche :  |b Fundación Bariloche,  |c 1995. 
300 |a 57, [39] h. :  |b il. ;  |c 30 cm. 
859 |a AR-BbBCA  |b BIB. AGRONOMIA  |h 639.90982  |i G172  |p 1996/2525